000 00829nam a2200253Ia 4500
003 OSt
005 20220923211449.0
006 a|||||r|||| 00| 0
007 ta
008 Pun
020 _a9789350685761 (hbk)
_c300
024 _a290,711
037 _b1001, 31/12/2015, H.K. Prakashan
_cTextual
040 _aARTS
_cARTS
_bPun
041 _2Pun
_aPun
082 _aY73(P153):351, 153Q4
100 _aਮਾਦਪੁਰੀ, ਸੁਖਦੇਵ
245 0 _aਲੋਕ ਵੇਦ ਗਉ੍ਵਦਾ ਪੰਜਾਬ
260 _aਚੰਡੀਗੜ੍ਹ
_b ਲੋਕਗੀਤ
_c2014
300 _a180ਪੰ
_ccm.
650 _aਸਮਾਜ Fਾਸਤਰ
942 _hY73(P153):351, 153Q4
_cTEXL
_2CC
999 _c299783
_d299783